| 000 | 00558nam a2200157 4500 | ||
|---|---|---|---|
| 001 | 145443 | ||
| 003 | ES-MaACL | ||
| 007 | t| | ||
| 008 | 070214s1934 sp r ||||1| spa d | ||
| 100 | 1 |
_aSpengler, Oswald. _9107694 |
|
| 245 | 1 | 0 |
_aAños decisivos _b: Alemania y la evolución histórica universal / _cOswald Spengler ; versión del alemán por Luis López Ballesteros. _n, . primera parte. |
| 260 |
_aMadrid : _bEspasa Calpe, _c1934. |
||
| 300 |
_a187 p. ; _c23 cm. |
||
| 700 | 1 |
_aLópez-Ballesteros y de Torres, Luis. _973432 |
|
| 852 |
_aES-MaACL _jC-7055 |
||
| 999 |
_c145443 _d145443 |
||